名前に「青」がつく駅 - Statistics

General Stats
  • This quiz has been taken 108 times
  • The average score is 22 of 43
Answer Stats
Hint Answer % Correct
東北新幹線北海道新幹線 奥羽本線 新青森
99%
奥羽本線津軽線 青い森鉄道 青森
99%
越後線 青山
95%
名鉄河和線 青山
95%
いわて銀河鉄道 青山
95%
青梅線 青梅
93%
東京メトロ銀座線都営大江戸線 他 青山一丁目
89%
ゆりかもめ 青海
88%
日本海ひすいライン 青海
88%
青梅線 東青梅
86%
京成本線京成押上線 青砥
82%
室蘭本線 青葉
80%
つくばエクスプレス 青井
79%
東急田園都市線 青葉台
76%
阪神本線 青木
74%
京急本線 青物横丁
70%
近鉄大阪線 西青山
70%
近鉄大阪線 東青山
70%
青い森鉄道 東青森
66%
近鉄大阪線 青山町
59%
日南線 青島
57%
中央本線 青柳
50%
信越本線 青海川
45%
西武多摩湖線 青梅街道
42%
山陰本線 青谷
39%
内房線 青堀
36%
奈良線 山城青谷
32%
仙台市営地下鉄東西線 青葉通一番町
30%
山口線 青原
26%
仙台市営地下鉄東西線 青葉山
24%
水郡線 常陸青柳
20%
名鉄津島線 青塚
18%
養老鉄道 美濃青柳
16%
日豊本線 青井岳
14%
加古川線 青野ヶ原
13%
播但線 青倉
13%
小浜線 青郷
12%
小海線 青沼
11%
山口線 青野山
11%
大井川鐵道大井川本線 青部
11%
釜石線 青笹
9%
山口線 東青原
9%
函館市電 青柳町
9%
No matching quizzes found
Score Distribution
Percent of People with Each Score
Percentile by Number Answered
Your Score History
You have not taken this quiz